Statistics for Крупнейшие города мира

Click here to take the quiz!

General Stats

  • This quiz has been taken 237 times
  • The average score is 9 of 20

Answer Stats

НаселенияГорода% Correct
17,300,000Москва
95%
40,400,000Токио
89%
22,100,000Нью-йорк
88%
19,800,000Пекин
83%
30,300,000Дели
63%
33,600,000Шанхай
63%
17,700,000Лос-Анджелес
53%
24,800,000Сеул
45%
23,000,000Мехико
44%
21,000,000Каир
37%
25,100,000Мумбай
32%
31,300,000Джакарта
28%
19,400,000Лагос
22%
46,700,000Гуанчжоу
22%
20,200,000Дакка
20%
22,400,000Сан-Паулу
20%
25,700,000Манила
20%
17,700,000Осака
20%
18,800,000Бангкок
18%
17,800,000Карачи
17%

Score Distribution

Percentile by Number Answered

Percent of People with Each Score

Your Score History

You have not taken this quiz